00391nam a2200157Ia 4500003000400000005001700004008004000021040001000061041001200071082001700083100002600100245003300126260003900159300001400198650002100212OSt20220324092803.0210210b1969 xxu||||| |||| 00| 0 eng d aALc  aEnglish a821.008 UNIA aUNIVERSITY OF MYSORE. aAnthology of english poetry. aMysorebUniversity of Mysorec1969 axxxiv,109 aAnthology Poetry